000 00232nam a22001097a 4500
041 _aeng
080 _a80
100 _aGuralnik, David
245 _aWebsters.New World Dictionary. Elementary.
650 _aReference
999 _c278127
_d278127
942 _cBK